The Next Step Quiz Stats

 Plays Quiz not verified by Sporcle

Score 0/6 Timer 02:00
0 Plays Today
% Correct
???
91.9%
???
91.2%
???
90.1%
???
89.5%
???
89.4%
???
86.6%

You're not logged in!

Compare scores with friends on all Sporcle quizzes.
OR
Log In

Show Comments

Extras

Created Aug 18, 2015ReportNominate
Tags:Clickable Quiz, girl, next, step

Top Quizzes Today


Score Distribution

Your Account Isn't Verified!

In order to create a playlist on Sporcle, you need to verify the email address you used during registration. Go to your Sporcle Settings to finish the process.

Report this User

Report this user for behavior that violates our Community Guidelines.

Details: